Island Countries Map Quiz - Statistics

General Stats
  • This quiz has been taken 43 times
  • The average score is 25 of 47
Answers on the Map
Answers color-coded by a green-red scale on the quiz's map according to % correct below.
 
Answer Stats
Answer % Correct
Cuba
94%
Dominican Republic
94%
Bahamas
88%
Haiti
88%
Jamaica
81%
Cape Verde
75%
Madagascar
75%
New Zealand
75%
Seychelles
75%
Comoros
66%
Mauritius
66%
São Tomé and Príncipe
66%
Iceland
63%
Indonesia
63%
Maldives
63%
Japan
59%
Papua New Guinea
59%
Philippines
59%
Sri Lanka
59%
Taiwan
59%
Ireland
56%
Malta
56%
United Kingdom
56%
Cyprus
53%
East Timor
53%
F. S. Micronesia
53%
Palau
50%
Trinidad and Tobago
50%
Fiji
47%
Kiribati
47%
Samoa
47%
Solomon Islands
47%
Vanuatu
47%
Nauru
44%
Marshall Islands
41%
Tuvalu
41%
Brunei
34%
Tonga
31%
Antigua
28%
Singapore
28%
Bahrain
25%
Barbados
19%
Dominica
19%
Grenada
19%
Saint Kitts and Nevis
19%
Saint Lucia
19%
Saint Vincent and the Grenadines
19%
No matching quizzes found
Score Distribution
Percent of People with Each Score
Percentile by Number Answered
Your Score History
You have not taken this quiz